skbl

Dr Suryya Kumar Bhuyan Library Web-OPAC
ডঃ সূৰ্য্য
কুমাৰ ভূঞা পুথিভঁৰাল ৱেব-অ'পেক

All Research Scholars are advised to clear the annual library fees to continue using Library Resources, Remote Access, Plagiarism Test and Library Clearance.

Cotton University Book Fair 2026

Studies in Indian Administration / (Record no. 10493)

MARC details
000 -LEADER
fixed length control field 00854nam a2200301Ia 4500
001 - CONTROL NUMBER
control field 10506
005 - DATE AND TIME OF LATEST TRANSACTION
control field 20240113235224.0
007 - PHYSICAL DESCRIPTION FIXED FIELD--GENERAL INFORMATION
fixed length control field ta
008 - FIXED-LENGTH DATA ELEMENTS--GENERAL INFORMATION
fixed length control field 050803s1969 a g b000 u eng u
040 ## - CATALOGING SOURCE
Original cataloging agency Cotton College,Assam
041 ## - LANGUAGE CODE
Language code of text/sound track or separate title eng
082 ## - DEWEY DECIMAL CLASSIFICATION NUMBER
Classification number 350.954
Item number Sa 14 St
100 ## - MAIN ENTRY--PERSONAL NAME
Personal name Sachdeva, D.R. .
245 #0 - TITLE STATEMENT
Title Studies in Indian Administration /
Statement of responsibility, etc. D.R. Sachdeva, B.D. Dua.
Medium Textual Documents
250 ## - EDITION STATEMENT
Edition statement 1st ed. /
260 ## - PUBLICATION, DISTRIBUTION, ETC.
Place of publication, distribution, etc. Allahabad :
Name of publisher, distributor, etc. Kitab mahal ,
Date of publication, distribution, etc. 1969.
300 ## - PHYSICAL DESCRIPTION
Extent iv, 504p. :
Other physical details ill ;
Dimensions 22cm .
653 ## - INDEX TERM--UNCONTROLLED
Uncontrolled term Public administration-India
653 ## - INDEX TERM--UNCONTROLLED
Uncontrolled term Indian administration
653 ## - INDEX TERM--UNCONTROLLED
Uncontrolled term Administration-India
653 ## - INDEX TERM--UNCONTROLLED
Uncontrolled term Political Science-Indian Administration
653 ## - INDEX TERM--UNCONTROLLED
Uncontrolled term MS-Political Science
700 ## - ADDED ENTRY--PERSONAL NAME
Personal name Dua, B.D. .
942 ## - ADDED ENTRY ELEMENTS (KOHA)
Source of classification or shelving scheme Dewey Decimal Classification
Koha item type Books
Holdings
Withdrawn status Lost status Damaged status Not for loan Collection Home library Current library Date acquired Coded location qualifier Total checkouts Full call number Barcode Date last seen Copy number Price effective from Koha item type
          Dr. Suryya Kumar Bhuyan Library Dr. Suryya Kumar Bhuyan Library 01/02/2012 00000   350.954 Sa 14 St 56489 13/01/2024 2 01/02/2012 Books
          Dr. Suryya Kumar Bhuyan Library Dr. Suryya Kumar Bhuyan Library 01/02/2012 00000   350.954 Sa 14 St 56488 13/01/2024 1 01/02/2012 Books

Designed and Maintained by Team SKBL
©1901-2026

Powered by Koha